[Event "AUT-chT3 9798"]
[Site "Vorarlberg "]
[Date "1997.12.05"]
[Round "5"]
[White "Levy, Rene"]
[Black "Gapp, Wolfgang"]
[Result "0-1"]
[WhiteElo "2200"]
[BlackElo "1859"]
[PlyCount "56"]
[EventDate "1997.??.??"]
[EventType "team-tourn"]
[EventRounds "9"]
[EventCountry "AUT"]
[SourceTitle "EXT 1999"]
[Source "ChessBase"]
[SourceDate "1998.11.16"]
[SourceVersion "1"]
[SourceVersionDate "1998.11.16"]
[SourceQuality "1"]

1. d4 d5 2. c4 e6 3. Nf3 Nf6 4. g3 c6 5. Bg2 dxc4 6. 0-0 Nbd7 7. Na3 Bxa3 8. bxa3 0-0 9. a4 Qa5 10. Ne5 Nxe5 11. dxe5 Qxe5 12. Ba3 Re8 13. Rb1 Nd5 14. e4 Nb6 15. Bb4 c5 16. Be1 Qc7 17. a5 Nd7 18. Qa4 e5 19. f4 Nf6 20. fxe5 Qxe5 21. Qxc4 Be6 22. Qc2 Qc7 23. Bc3 Nd7 24. Qb2 f6 25. Qxb7 Qd8 26. Qa6 Bxa2 27. Rb7 Ne5 28. Kh1 Bc4 0-1

[Event "AUT-chT 9697"]
[Site "Vorarlberg"]
[Date "1997.??.??"]
[Round "?"]
[White "Gapp, Wolfgang"]
[Black "Pocak, Edmund"]
[Result "0-1"]
[WhiteElo "1855"]
[BlackElo "1980"]
[PlyCount "46"]
[EventDate "1996.??.??"]
[EventType "team"]
[EventRounds "9"]
[EventCountry "AUT"]
[SourceTitle "EXT 1999"]
[Source "ChessBase"]
[SourceDate "1998.11.16"]
[SourceVersion "1"]
[SourceVersionDate "1998.11.16"]
[SourceQuality "1"]

1. b4 e5 2. Bb2 d6 3. e4 Nf6 4. Nc3 Be7 5. Nf3 Bg4 6. Bc4 0-0 7. 0-0 Nc6 8. b5 Nd4 9. Be2 Nxe2+ 10. Qxe2 c6 11. bxc6 bxc6 12. h3 Bh5 13. a4 Qa5 14. Ba3 Rfb8 15. Rfb1 h6 16. g4 Bg6 17. Nh4 Bh7 18. Nf5 Bxf5 19. exf5 Nd5 20. Nxd5 cxd5 21. c3 Qxa4 22. Bb2 Qc2 23. Qd1 Rxb2 0-1

[Event "AUT-chT 9697"]
[Site "Vorarlberg"]
[Date "1996.??.??"]
[Round "?"]
[White "Gapp, Wolfgang"]
[Black "Wallis, Anton"]
[Result "1/2-1/2"]
[WhiteElo "1855"]
[BlackElo "1965"]
[PlyCount "30"]
[EventDate "1996.??.??"]
[EventType "team"]
[EventRounds "9"]
[EventCountry "AUT"]
[SourceTitle "EXT 1999"]
[Source "ChessBase"]
[SourceDate "1998.11.16"]
[SourceVersion "1"]
[SourceVersionDate "1998.11.16"]
[SourceQuality "1"]

1. b4 e5 2. a3 d6 3. c4 g6 4. e3 Bg7 5. Bb2 Nf6 6. Ne2 0-0 7. g3 Bd7 8. Bg2 Bc6 9. f3 b6 10. 0-0 Nbd7 11. Nbc3 a5 12. b5 Bb7 13. a4 Nc5 14. d4 Ne6 15. dxe5 dxe5 1/2-1/2

[Event "AUT-chT 9596"]
[Site "Vorarlberg"]
[Date "1995.??.??"]
[Round "3"]
[White "Feistenauer, Harald"]
[Black "Gapp, Wolfgang"]
[Result "0-1"]
[WhiteElo "1980"]
[BlackElo "1825"]
[PlyCount "92"]
[EventDate "1995.??.??"]
[EventType "team"]
[EventRounds "9"]
[EventCountry "AUT"]
[SourceTitle "EXT 1999"]
[Source "ChessBase"]
[SourceDate "1998.11.16"]
[SourceVersion "1"]
[SourceVersionDate "1998.11.16"]
[SourceQuality "1"]

1. c4 Nf6 2. Nc3 c5 3. g3 Nc6 4. Bg2 g6 5. a3 Bg7 6. Rb1 a5 7. Nf3 0-0 8. 0-0 d5 9. cxd5 Nxd5 10. Qb3 e6 11. d3 b6 12. Bg5 Nde7 13. Rfd1 Rb8 14. Ne4 f5 15. Bf4 fxe4 16. dxe4 Bd7 17. Bxb8 Nxb8 18. Bh3 Kh8 19. Bxe6 Bxe6 20. Qxe6 Qc7 21. Ng5 h6 22. Qh3 Nec6 23. Rd5 Qe7 24. Rbd1 Re8 25. f4 Kg8 26. Nf3 Qxe4 27. Ne5 Nd4 28. Qg2 Qc2 29. Re1 Qd2 30. Kf1 Qxb2 31. Rd6 Nf5 32. Qd5+ Kh7 33. Qf7 Nxd6 34. Qxg6+ Kh8 35. Qxd6 Bxe5 36. Qxh6+ Kg8 37. Qg6+ Kf8 38. fxe5 Qxe5 39. Qxb6 Kg7 40. Qxa5 Rf8+ 41. Kg1 Qe3+ 42. Kh1 Nd7 43. Qa4 Ne5 44. Rb1 Rf7 45. Qh4 Qxe2 46. Qg5+ Ng6 0-1

[Event "AUT-chT 9596"]
[Site "Vorarlberg"]
[Date "1995.??.??"]
[Round "3"]
[White "Gapp, Wolfgang"]
[Black "Planatscher, Alois"]
[Result "0-1"]
[WhiteElo "1825"]
[BlackElo "1920"]
[PlyCount "46"]
[EventDate "1995.??.??"]
[EventType "team"]
[EventRounds "9"]
[EventCountry "AUT"]
[SourceTitle "EXT 1999"]
[Source "ChessBase"]
[SourceDate "1998.11.16"]
[SourceVersion "1"]
[SourceVersionDate "1998.11.16"]
[SourceQuality "1"]

1. b4 e5 2. Bb2 Bxb4 3. Bxe5 Nf6 4. Nf3 0-0 5. e3 Nc6 6. Bb2 d5 7. Be2 Re8 8. 0-0 Bg4 9. d4 Ne4 10. c4 dxc4 11. Bxc4 Qf6 12. a4 Rad8 13. Be2 Rd5 14. Nfd2 Bxe2 15. Qxe2 Nxd2 16. Nxd2 Nxd4 17. Bxd4 Qxd4 18. Nf3 Qd3 19. Qa2 a5 20. Nd4 c6 21. Rfd1 Qe4 22. Rdc1 Red8 23. Qe2 Rxd4 0-1